Normal view
MARC view
Entry Personal Name
001 - CONTROL NUMBER
- control field: 2034
003 - CONTROL NUMBER IDENTIFIER
- control field: OSt
005 - DATE AND TIME OF LATEST TRANSACTION
- control field: 20110428111020.0
008 - FIXED-LENGTH DATA ELEMENTS
- fixed length control field: 110428|||a|||||| | ||| d
040 ## - CATALOGING SOURCE
- Original cataloging agency: OSt
- Transcribing agency: OSt
100 ## - HEADING--PERSONAL NAME
- Personal name: Taylor, Laurie,
- Dates associated with a name: 1935-
- Relator term: joint author.
670 ## - SOURCE DATA FOUND
- Source citation: Work cat.: (OSt)0: Robertson, Roland. 2031, Deviance, crime and socio-legal control:, [1973]
